| 000 | 01122nam a2200277Ia 4500 | ||
|---|---|---|---|
| 003 | OSt | ||
| 005 | 20221005104353.0 | ||
| 006 | a|||||r|||| 00| 0 | ||
| 007 | ta | ||
| 008 | 221004b |||||||| |||| 00| 0 san d | ||
| 020 |
_a9789386223593 (hbk) _cINR 850.00 |
||
| 024 | _a33915 | ||
| 037 |
_b131, 14/09/2017, Eastern Book Linkers _cTextual |
||
| 040 |
_aCRL _cCRL _bsan |
||
| 041 |
_2san _asan |
||
| 082 | _aO15:g(4), 152Q7 | ||
| 100 | _aशुक्ल, हीरालाल, ले. | ||
| 245 | 0 | _aसंस्कृत आजकलः अद्यापि जीवति संस्कृतम् | |
| 246 | _aSanskṛut ājakalah adyāpi jīvati sanskṛutam | ||
| 260 |
_aदिल्ली _bबी.आर. पब्लिशिंग कॉर्परेशन भारत _c2017 |
||
| 300 |
_a282पृ0 _ccm. |
||
| 650 | _a संस्कृत साहित्य | ||
| 650 | _aपत्रकारिता | ||
| 942 |
_hO15:g(4), 152Q7 _cTEXL _2cc |
||
| 999 |
_c1012493 _d1012493 |
||